| 000 -LEADER |
| fixed length control field |
00435pab a2200169 454500 |
| 008 - FIXED-LENGTH DATA ELEMENTS--GENERAL INFORMATION |
| fixed length control field |
180718b2005 xxu||||| |||| 00| 0 eng d |
| 100 ## - MAIN ENTRY--PERSONAL NAME |
| Personal name |
Mohitkar, V.M. |
| 245 ## - TITLE STATEMENT |
| Title |
Global scenario of quality assurance in technical education |
| 260 ## - PUBLICATION, DISTRIBUTION, ETC. |
| Date of publication, distribution, etc. |
2005 |
| 300 ## - PHYSICAL DESCRIPTION |
| Extent |
p.8-11. |
| 362 ## - DATES OF PUBLICATION AND/OR SEQUENTIAL DESIGNATION |
| Dates of publication and/or sequential designation |
6 Jun |
| 650 ## - SUBJECT ADDED ENTRY--TOPICAL TERM |
| Topical term or geographic name entry element |
Educational quality |
| 650 ## - SUBJECT ADDED ENTRY--TOPICAL TERM |
| Topical term or geographic name entry element |
Technical education |
| 700 ## - ADDED ENTRY--PERSONAL NAME |
| Personal name |
Wakde, D.G. |
| 773 ## - HOST ITEM ENTRY |
| Main entry heading |
University News |
| 909 ## - |
| -- |
65669 |